| 000 | 01145nam a2200241Ia 4500 | ||
|---|---|---|---|
| 999 |
_c56709 _d56709 |
||
| 001 | 23831 | ||
| 003 | GE_BSU | ||
| 005 | 20210201133542.0 | ||
| 008 | 181216s2005||||ge |||||||||||||| ||geo|| | ||
| 020 | _a99940-0-173-6 | ||
| 040 | _cGE_BSU | ||
| 041 | _ageo | ||
| 080 | _a94(479.22)(075.8) ჯ-22 | ||
| 100 |
_aჯანელიძე, ოთარ _91743 |
||
| 245 |
_aსაქართველოს ისტორია, XIX საუკუნე : _bარასპეც. ფაკ. სტუდ. / _cოთარ ჯანელიძე ; რედაქტორი ნოდარ ასათიანი ; ისტორიისა და ეთნოლოგიის ინსტიტუტი. |
||
| 264 |
_aთბილისი : _bთსუ-ს გამომცემლობა, _c2005. |
||
| 300 |
_a212 გვ. : _bპორტრ.; _c20 სმ.. |
||
| 504 | _aბიბლიოგრ.: გვ. 208-210. | ||
| 541 | _h10 ლ. | ||
| 653 | _aსაქართველოს ისტორია | ||
| 700 |
_aასათიანი, ნოდარ _eრედაქტორი _9932 |
||
| 942 |
_cBK _2udc |
||